Statistics for Most Popular Destinations for Canadian Citizens

Click here to take the quiz!

General Stats

  • This quiz has been taken 168 times
  • The average score is 16 of 20

Answer Stats

# of VisitorsCountry% Correct
11.29 milUnited States
99%
1.10 milFrance
99%
1.75 milMexico
98%
0.71 milUnited Kingdom
98%
0.29 milGermany
95%
0.87 milItaly
94%
0.22 milSpain
94%
1.11 milChina
92%
0.23 milJapan
90%
0.19 milIreland
87%
1.30 milCuba
78%
0.27 milIndia
77%
0.15 milSouth Korea
72%
0.18 milGreece
71%
0.23 milThailand
69%
0.42 milJamaica
65%
0.19 milTurkey
64%
0.71 milDominican Republic
59%
0.18 milCosta Rica
50%
0.48 milSingapore
41%

Score Distribution

Percentile by Number Answered

Percent of People with Each Score

Your Score History

You have not taken this quiz